Circles of blessing : (Record no. 5830)
[ view plain ]
| 000 -LEADER | |
|---|---|
| fixed length control field | 00905nam a2200229 4500 |
| 008 - FIXED-LENGTH DATA ELEMENTS--GENERAL INFORMATION | |
| fixed length control field | 020124s2001 us engYA |
| 020 ## - INTERNATIONAL STANDARD BOOK NUMBER | |
| International Standard Book Number | 0878086056 |
| 090 ## - LOCALLY ASSIGNED LC-TYPE CALL NUMBER (OCLC); LOCAL CALL NUMBER (OCLC) | |
| Classification number (OCLC) (R) ; Classification number, CALL (RLIN) (NR) | BV3342 |
| Local cutter number (OCLC) ; Book number/undivided call number, CALL (RLIN) | T79c |
| 100 1# - MAIN ENTRY--PERSONAL NAME | |
| Personal name | Tucker, David A. |
| 245 10 - TITLE STATEMENT | |
| Title | Circles of blessing : |
| Remainder of title | redemption in the rainforest / |
| Statement of responsibility, etc | David A. Tucker and Arlene Knickerbocker. |
| 260 ## - PUBLICATION, DISTRIBUTION, ETC. (IMPRINT) | |
| Place of publication, distribution, etc | Pasadena : |
| Name of publisher, distributor, etc | California : |
| -- | William Carey Library, |
| Date of publication, distribution, etc | c2001. |
| 300 ## - PHYSICAL DESCRIPTION | |
| Extent | 188 p. : |
| Other physical details | ports. |
| 600 14 - SUBJECT ADDED ENTRY--PERSONAL NAME | |
| Personal name | Tucker, David A., 1949-. |
| 600 14 - SUBJECT ADDED ENTRY--PERSONAL NAME | |
| Personal name | Tucker, Kathy, 1950-. |
| 651 #4 - SUBJECT ADDED ENTRY--GEOGRAPHIC NAME | |
| Geographic name | Baptists |
| General subdivision | Missions |
| Geographic subdivision | Indonesia |
| -- | Irian Jaya |
| General subdivision | History. |
| 651 #4 - SUBJECT ADDED ENTRY--GEOGRAPHIC NAME | |
| Geographic name | Irian Jaya |
| Geographic subdivision | Indonesia |
| General subdivision | Church history |
| Chronological subdivision | 20th century. |
| 651 #4 - SUBJECT ADDED ENTRY--GEOGRAPHIC NAME | |
| Geographic name | Missionaries |
| Geographic subdivision | Indonesia |
| -- | Irian Jaya |
| General subdivision | Biography. |
| 651 #4 - SUBJECT ADDED ENTRY--GEOGRAPHIC NAME | |
| Geographic name | Missions |
| Geographic subdivision | Indonesia |
| -- | Irian Jaya |
| General subdivision | History |
| Chronological subdivision | 20th century. |
| 951 ## - EQUIVALENCE OR CROSS-REFERENCE-GEOGRAPHIC NAME/AREA NAME [OBSOLETE] [CAN/MARC only] | |
| General subdivision | 00010115 |
| 700 1# - ADDED ENTRY--PERSONAL NAME | |
| Personal name | Knickerbocker, Arlene |
| 950 0# - LOCAL HOLDINGS (RLIN) | |
| -- | 2.99 |
| 951 ## - EQUIVALENCE OR CROSS-REFERENCE-GEOGRAPHIC NAME/AREA NAME [OBSOLETE] [CAN/MARC only] | |
| -- | 24361 |
| -- | BV3342/T79c |
| -- | 070613111041109 |
| -- | 2000-12-21 |
| -- | GC |
| Withdrawn status | Lost status | Damaged status | Not for loan | Home library | Current library | Shelving location | Date acquired | Accession number | Shelving control number | Total Checkouts | Full call number | Barcode | Date last seen | Price effective from | Koha item type |
|---|---|---|---|---|---|---|---|---|---|---|---|---|---|---|---|
| BSOP Library | BSOP Library | GC | 12/21/2000 | 24361 | 127 | BV3342/T79c | 00010115 | 02/23/2013 | 02/23/2013 | Books |
